[Event "Barcelona Vila de Gracia op 25th"]
[Site "Barcelona"]
[Date "2021.10.01"]
[Round "1"]
[White "Castillo Dalmau, Albert"]
[Black "Trenchs Lopez, Christian"]
[Result "1-0"]
[WhiteElo "2230"]
[BlackElo "1628"]
[PlyCount "85"]
[EventDate "2021.10.01"]
[EventType "swiss"]
[EventRounds "9"]
[EventCountry "ESP"]
[SourceTitle "EXT 2023"]
[Source "ChessBase"]
[SourceDate "2022.10.05"]
[SourceVersion "1"]
[SourceVersionDate "2022.10.05"]
[SourceQuality "1"]

1. d4 Nf6 2. Nf3 d5 3. c4 e6 4. g3 c5 5. Bg2 Be7 6. 0-0 0-0 7. cxd5 exd5 8. dxc5 Bxc5 9. a3 a5 10. Bg5 Be6 11. Nc3 Be7 12. Nd4 Nc6 13. Nxe6 fxe6 14. Bh3 Qd7 15. e4 d4 16. Ne2 Nxe4 17. Bxe7 Qxe7 18. Nxd4 Nxd4 19. Qxd4 Ng5 20. Bg2 Nf3+ 21. Bxf3 Rxf3 22. Rae1 Raf8 23. Qb6 Qf7 24. Qxe6 Qxe6 25. Rxe6 Rb3 26. Re2 b5 27. Rd1 b4 28. axb4 Rxb4 29. Rd7 a4 30. Ra7 Rd8 31. h3 h6 32. Ree7 Rd1+ 33. Kg2 Rb1 34. Rxg7+ Kf8 35. Rh7 Kg8 36. Rhc7 Rb8 37. Rxa4 R1xb2 38. Rg4+ Kh8 39. Rgg7 R2b6 40. Rh7+ Kg8 41. Rcg7+ Kf8 42. Rg4 Rf6 43. Rh8+ 1-0

[Event "Barcelona Segura Memorial 1st"]
[Site "Barcelona"]
[Date "2021.09.29"]
[Round "1"]
[White "Trenchs Lopez, Christian"]
[Black "Millaret Lores, Francesco"]
[Result "0-1"]
[WhiteElo "1628"]
[BlackElo "2100"]
[PlyCount "46"]
[EventDate "2021.09.29"]
[EventType "swiss"]
[EventRounds "9"]
[EventCountry "ESP"]
[SourceTitle "EXT 2023"]
[Source "ChessBase"]
[SourceDate "2022.10.05"]
[SourceVersion "1"]
[SourceVersionDate "2022.10.05"]
[SourceQuality "1"]

1. e4 c5 2. a3 e6 3. b4 cxb4 4. axb4 Bxb4 5. Bb2 Nf6 6. e5 Nd5 7. c4 Ne7 8. Nf3 Nbc6 9. Bd3 d5 10. exd6 Qxd6 11. Qc2 Bc5 12. Be2 Nf5 13. 0-0 0-0 14. d4 Ncxd4 15. Nxd4 Nxd4 16. Bxd4 Bxd4 17. Ra3 Bd7 18. Rh3 g6 19. Rd1 e5 20. Rg3 f5 21. Nd2 Bc6 22. h4 e4 23. h5 Qxg3 0-1

[Event "Barcelona Sants op 21st"]
[Site "Barcelona"]
[Date "2019.08.27"]
[Round "5"]
[White "Trenchs Lopez, Christian"]
[Black "Abdelkadeer Garstka, Adam"]
[Result "1/2-1/2"]
[WhiteElo "1499"]
[BlackElo "1628"]
[PlyCount "114"]
[EventDate "2019.08.23"]
[EventType "swiss"]
[EventRounds "10"]
[EventCountry "ESP"]
[SourceTitle "EXT 2020"]
[Source "ChessBase"]
[SourceDate "2019.10.17"]
[SourceVersion "1"]
[SourceVersionDate "2019.10.17"]
[SourceQuality "1"]

1. e4 c5 2. Nf3 e6 3. d3 Nc6 4. g3 Nf6 5. Bg2 d5 6. Nbd2 Be7 7. 0-0 0-0 8. e5 Ne8 9. Re1 f6 10. exf6 Bxf6 11. Nf1 e5 12. h3 Be6 13. c3 Qd7 14. g4 h6 15. Ng3 Nd6 16. Nh5 Rae8 17. Nxf6+ gxf6 18. Bxh6 Rf7 19. Qe2 Rh7 20. Bd2 Ree7 21. a3 Reg7 22. b4 Bxg4 23. hxg4 Qxg4 24. Ng5 Qxe2 25. Rxe2 fxg5 26. Bxd5+ Nf7 27. Kg2 Rh6 28. Rh1 Rd6 29. Bc4 cxb4 30. axb4 a6 31. d4 Kf8 32. Bxf7 Kxf7 33. dxe5 Nxe5 34. Rxe5 Rxd2 35. Rhe1 Rd7 36. c4 Kf6 37. c5 Rge7 38. R5e4 Rxe4 39. Rxe4 Kf5 40. f3 Rf7 41. Kf2 Rc7 42. Rc4 Ke5 43. Ke3 Rf7 44. Rg4 Rf5 45. Rd4 Rf4 46. Rxf4 gxf4+ 47. Kd3 Kd5 48. Kc3 a5 49. Kb3 Kc6 50. Kc4 axb4 51. Kxb4 Kd5 52. Kb5 Kd4 53. Kb4 Ke3 54. Kb5 Kxf3 55. Kb6 Ke4 56. Kxb7 f3 57. c6 f2 1/2-1/2